Danh pháp và thuật ngữ hóa học Việt Nam

Enregistré dans:
Détails bibliographiques
Auteur principal: Hồ, Sĩ Thoảng (Biên soạn)
Autres auteurs: Huỳnh, Văn Trung (Biên soạn)
Format: Livre
Publié: Hà Nội Khoa học và Kỹ thuật 2010
Sujets:
Tags: Ajouter un tag
Pas de tags, Soyez le premier à ajouter un tag!
Thư viện lưu trữ: Trung tâm Học liệu Lê Vũ Hùng, Trường Đại học Đồng Tháp
LEADER 00941pam a22002418a 4500
001 00038517
005 20171121101122.0
008 170516s2010 ||||||Viesd
041 0 # |a Vie 
082 1 4 |a 540  |b D107PH 
100 1 # |a Hồ, Sĩ Thoảng  |e Biên soạn 
245 1 0 |a Danh pháp và thuật ngữ hóa học Việt Nam  |c Hồ Sĩ Thoảng, Huỳnh Văn Trung (biên soạn) 
260 # # |a Hà Nội  |b Khoa học và Kỹ thuật  |c 2010 
300 # # |a 399 tr.  |c 24 cm. 
500 # # |a ĐTTS ghi: Liên hiệp hội khoa học kỹ thuật Việt Nam. Hội Hóa học Việt Nam 
653 # # |a Danh pháp 
653 # # |a Việt Nam 
653 # # |a hóa học 
653 # # |a thuật ngữ 
700 1 # |a Huỳnh, Văn Trung  |e Biên soạn 
852 # # |j KD.0021672  |j KM.0022510  |j KM.0022091 
910 |d 16/05/2017 
980 # # |a Trung tâm Học liệu Lê Vũ Hùng, Trường Đại học Đồng Tháp